Vacxin và thuốc thú y
Quyển sách gồm 2 phần: giới thiệu các loại vacxin và giới thiệu các loại thuốc thú y.
Đã lưu trong:
| Tác giả của công ty: | |
|---|---|
| Định dạng: | Sách |
| Ngôn ngữ: | Undetermined |
| Được phát hành: |
Thành phố Hồ Chí Minh
Nông nghiệp
1995
|
| Những chủ đề: | |
| Các nhãn: |
Thêm thẻ
Không có thẻ, Là người đầu tiên thẻ bản ghi này!
|
| Thư viện lưu trữ: | Trung tâm Học liệu Trường Đại học Cần Thơ |
|---|
| LEADER | 00736nam a2200193Ia 4500 | ||
|---|---|---|---|
| 001 | CTU_138192 | ||
| 008 | 210402s9999 xx 000 0 und d | ||
| 082 | |a 636.08958 | ||
| 082 | |b C455 | ||
| 110 | |a Công ty Thuốc Thú y Trung Ương 2 | ||
| 245 | 0 | |a Vacxin và thuốc thú y | |
| 245 | 0 | |c Công ty Thuốc Thú y Trung Ương 2 | |
| 260 | |a Thành phố Hồ Chí Minh | ||
| 260 | |b Nông nghiệp | ||
| 260 | |c 1995 | ||
| 520 | |a Quyển sách gồm 2 phần: giới thiệu các loại vacxin và giới thiệu các loại thuốc thú y. | ||
| 650 | |a Veterinary medicine,Veterinary drugs | ||
| 904 | |i Hạ Nguyên | ||
| 980 | |a Trung tâm Học liệu Trường Đại học Cần Thơ | ||